| 000 | 00461nam a2200181Ia 4500 | ||
|---|---|---|---|
| 008 | 180424s9999 xx 000 0 und d | ||
| 020 | _a133574776 | ||
| 084 | _a510.78 H73 | ||
| 100 | _a"Hitchcock, Brian" | ||
| 245 | 0 | _aSybase Database Administrator`s Handbook | |
| 250 | _a\\199500ENGGPSX | ||
| 260 | _aPrentice Hall | ||
| 260 | _b1995 | ||
| 260 | _cEnglewood Cliffs | ||
| 300 | _axx+607p | ||
| 500 | _aincludes index and biblioraphy | ||
| 942 | _cBK | ||
| 999 |
_c58173 _d58173 |
||